000 00335nam a22001337a 4500
008 230606b xxu||||| |||| 00| 0 eng d
020 _a0273027379
082 _a657.458
245 _aInternal Auditing
_cAndrew D. Chambers
250 _a2nd ed.
260 _aUnited Kingdom
_bPitman Publishing
_c1981
300 _a439 p
942 _2ddc
_cBK
999 _c707
_d707